|
|
|
|
| LEADER |
00000cam a2200000 a 4500 |
| 001 |
TECO-532 |
| 005 |
20230308193544.0 |
| 008 |
000000|2001 ||||||||r|||||||||||spa|| |
| 040 |
|
|
|b spa
|
| 041 |
1 |
|
|a spa
|
| 245 |
|
|
|a Propuesta de desarrollo ecoturístico del cantón Saraguro, período 2000-2005
|c Marco Ordóñez y Ronald Ordóñez. Director Humberto Balarezo P.
|h imp
|
| 264 |
|
|
|a Cuenca
|c 2001
|
| 300 |
|
|
|a páginas: irreg.
|c 30 cm
|
| 502 |
|
|
|a Economista
|b Universidad de Cuenca
|c eco
|d Balarezo Pinos, Humberto, dir.
|e ECONOMIA
|
| 504 |
|
|
|a incl. ref.
|
| 650 |
|
|
|a Ecoturismo
|9 1121
|
| 650 |
|
|
|a Canton saraguro
|9 143069
|
| 650 |
|
|
|a Saraguro
|9 59872
|
| 650 |
|
|
|a Tesis en economia
|9 1128
|
| 700 |
1 |
|
|a Ordóñez, Ronald
|e coautor
|9 143071
|
| 700 |
1 |
|
|a Ordóñez, Marco.
|e coautor
|9 143070
|
| 852 |
|
|
|a UC-CDJBV
|c CUARTO PISO (SECCION TESIS)
|f Donación
|k sara.alvarado
|m Limitada
|p 00000000
|t TECO-532
|y 90500
|b 1
|d CDRC
|e CDRC
|g CUARTO PISO (SECCION TESIS)
|z 0000-00-00
|
| 942 |
|
|
|c TS
|
| 999 |
|
|
|c 83432
|d 83432
|